Harald and the giant knight /

When a group of knights decide to use his father's farm for their spring training, Harald and his family must take desperate measures to get the troublesome knights off their land.

Bibliographic Details
Main Author: Carrick, Donald
Format: Book
Language:English
Published: New York : Clarion Books, [1982]
Subjects:

MARC

Tag First Indicator Second Indicator Subfields
LEADER 00000cam a2200000 a 4500
001 in00000017172
005 20151007053412.0
008 810713s1982 nyua j 00011 eng
010 |a  81010243  
020 |a 089919060X 
035 |a (OCoLC)07652842 
035 |9 AAB1528AM 
040 |a DLC  |c DLC  |d m/c  |d TXA  |d UtOrBLW 
049 |a [Curr Col] TXAM  |c [A11061757] 
050 0 0 |a PZ7.C2345  |b Har 1982 
082 0 |a [E]  |2 19 
100 1 |a Carrick, Donald. 
245 1 0 |a Harald and the giant knight /  |c by Donald Carrick. 
264 1 |a New York :  |b Clarion Books,  |c [1982] 
264 4 |c ©1982 
300 |a 32 unnumbered pages :  |b color illustrations ;  |c 29 cm. 
336 |a text  |b txt  |2 rdacontent 
337 |a unmediated  |b n  |2 rdamedia 
338 |a volume  |b nc  |2 rdacarrier 
520 |a When a group of knights decide to use his father's farm for their spring training, Harald and his family must take desperate measures to get the troublesome knights off their land. 
650 1 |a Knights and knighthood  |x Fiction. 
650 1 |a Middle Ages  |x Fiction. 
999 |a MARS 
999 f f |s 79f96e4f-d909-3af8-9ab3-702493623174  |i 2a0f4e75-2bfa-3837-abc5-11860e9ce87c  |t 0 
952 f f |p normal  |a Texas A&M University  |b College Station  |c Sterling C. Evans Library  |d Evans: Curriculum Collection (4th floor)  |t 0  |e PA7.C2345 Har 1982  |h Library of Congress classification  |i unmediated -- volume  |m A14811061757 
998 f f |a PA7.C2345 Har 1982  |t 0  |l Evans: Curriculum Collection (4th floor)